01218nam a22002417a 450000500170000000800410001704000700005804100080012808200230013610000310015924201030019024501000029325000290039326001010042230000300052350003010055350000230085450600210087754600230089865000100092165000210093165000240095220260511154351.0130821s1921 fr fr d fre  aCo-BoUCMbspacSandra Yazo (modificó)dSandra Yazo (modificó)00afre aFCS 792bR67219211 aRostand, Edmondd1868-191803aLa última noche de Don JuanbPoema dramático en dos partes y un prólogocEdmond Rostandyspa13aLa derniere nuit de Don JuancEdmond RostandbPoème dramatique en deux parties et un prologue aDixième mille [Decima] aParís (Francia)bLibrairie Charpentier et Fasquelle [Librería Charpentier y Fasquelle]c1921 a141 páginasc21 x 14 cm aDetalles físicos: Encuadernación flexible. Anteportada. Portada impresa en una sola tinta. Texto impreso en una sola columna, margenes amplios. Papel con oxidación en bordes, hojas sin refilar. Ejemplar en buen estado de conservación. Transferencia al Archivo Histórico en el año 2025 aFondo Castro Silva aConsulta en sala aTexto en francés04aDrama04aTeatro francés04aLiteratura francesa